[Event "Mittelfranken-chTB2b 1415"]
[Site "Mittelfranken"]
[Date "2015.03.22"]
[Round "8.4"]
[White "Arlt, Michael"]
[Black "Daehne, Horst"]
[Result "1/2-1/2"]
[WhiteElo "1859"]
[BlackElo "1697"]
[PlyCount "63"]
[EventDate "2014.09.28"]
[EventType "team-tourn"]
[EventRounds "9"]
[EventCountry "GER"]
[SourceTitle "EXT 2020"]
[Source "ChessBase"]
[SourceDate "2019.10.17"]
[SourceVersion "1"]
[SourceVersionDate "2019.10.17"]
[SourceQuality "1"]
[WhiteTeam "Schwanstetten"]
[BlackTeam "Nuernberg NT IV"]
[WhiteTeamCountry "GER"]
[BlackTeamCountry "GER"]

1. e4 c5 2. Nf3 Nc6 3. d4 cxd4 4. Nxd4 Nf6 5. Nc3 d6 6. f4 e6 7. Be3 Be7 8. Qf3 Bd7 9. g4 e5 10. Nf5 g6 11. Nh6 Bf8 12. Nxf7 Kxf7 13. f5 Nd4 14. Bc4+ Ke8 15. Qg2 Rc8 16. Bd3 Bc6 17. g5 Nh5 18. Qg4 Qd7 19. Bxd4 exd4 20. Bc4 Ng7 21. Be6 Nxe6 22. fxe6 Qc7 23. Ne2 Be7 24. 0-0 Bb5 25. Rf7 Bxe2 26. Qxe2 Qxc2 27. Qf3 Rc7 28. Qf4 Qe2 29. Rxe7+ Rxe7 30. Qxd6 Qe3+ 31. Kh1 Qxe4+ 32. Kg1 1/2-1/2